| 000 | 00535nam a22002177a 4500 | ||
|---|---|---|---|
| 003 | OSt | ||
| 005 | 20140310182754.0 | ||
| 008 | 130204t xxu||||| |||| 00| 0 eng d | ||
| 020 | _a0071169245 | ||
| 050 |
_aQ 158.5 _b.T575 1999 |
||
| 082 |
_aM 500.2 _bT46 1999 |
||
| 245 |
_aPhysical science _cTillery, Bill W. |
||
| 250 | _a4th ed. | ||
| 260 |
_aBoston _bMcGraw-Hill _cc1999 |
||
| 300 |
_a699 p. _c28 cm _bill. |
||
| 521 | _aCollege students | ||
| 526 | _c1210L-1700L | ||
| 541 | _j1 | ||
| 562 | _e1 | ||
| 942 |
_2lcc _cBK _kM |
||
| 999 |
_c15819 _d15819 |
||